LEADER 02795 am 2200601 n 450 001 9910495847903321 005 20240104030512.0 010 $a2-35671-459-6 024 7 $a10.4000/books.pressesmines.2462 035 $a(CKB)3710000000982044 035 $a(FrMaCLE)OB-pressesmines-2462 035 $a(PPN)198368437 035 $a(EXLCZ)993710000000982044 100 $a20161208j|||||||| ||| 0 101 0 $afre 135 $auu||||||m|||| 200 03$aLe phénomène « pro-ana »$eTroubles alimentaires et réseaux sociaux$fAntonio A. Casilli, Paola Tubaro 210 $aParis$cPresses des Mines$d2016 215 $a1 online resource (208 p.) 311 $a2-35671-385-9 330 $aLes sites web dits « pro-ana », lieux de rencontres pour des personnes atteintes d?anorexie ou d?autres troubles alimentaires, sont accusés d?encourager à la maigreur extrême. Mais leurs auteurs, commentateurs et lecteurs ont longtemps échappé au regard, si bien que leurs motivations et interactions restaient opaques. Ce livre lève le voile sur ces internautes et leurs réseaux sociaux. Et si le « pro-ana » était moins un effet indésirable de la parole libérée sur internet que le symptôme des transformations actuelles de notre manière de vivre la santé ? Face aux coupes dans les dépenses de santé publique, les patients sont confrontés à l?injonction d?être actifs, informés, équipés. Mais la pression sociale qui en dérive peut engendrer des comportements paradoxaux et des prises de risque. L?étude que relate ce livre défie les idées reçues : en ligne, la valorisation de la maigreur est loin de faire l?unanimité, alors que se forment des réseaux d?entraide et d?information, visant à contrer l?isolement et à pallier les manques ressentis du système de soins. 606 $aSociology & Anthropology 606 $apro-ana 606 $asanté 606 $ascience du comportement 606 $amédecine 606 $aanorexie 606 $aboulimie 606 $amaigreur 606 $atroubles alimentaires 606 $apouvoirs publics 606 $apatients 606 $ablogs 615 4$aSociology & Anthropology 615 4$apro-ana 615 4$asanté 615 4$ascience du comportement 615 4$amédecine 615 4$aanorexie 615 4$aboulimie 615 4$amaigreur 615 4$atroubles alimentaires 615 4$apouvoirs publics 615 4$apatients 615 4$ablogs 700 $aCasilli$b Antonio A$0539423 701 $aTubaro$b Paola$0507588 701 $aMéadel$b Cécile$01288325 801 0$bFR-FrMaCLE 906 $aBOOK 912 $a9910495847903321 996 $aLe phénomène « pro-ana »$93658671 997 $aUNINA LEADER 03218oam 2200697 c 450 001 9910957141403321 005 20260302090207.0 010 $a3-657-78092-0 024 7 $a10.30965/9783657780921 035 $a(CKB)4330000000532737 035 $a(OCoLC)936788196 035 $a(nllekb)BRILL9783657780921 035 $a(MiAaPQ)EBC6518226 035 $a(Au-PeEL)EBL6518226 035 $a(OCoLC)1243552567 035 $a(Brill | Scho?ningh)9783657780921 035 $a(Brill | Schöningh)9783657780921 035 $a(EXLCZ)994330000000532737 100 $a20260302d2015 uy 0 101 0 $ager 135 $aurun####uuuua 181 $ctxt$2rdacontent 182 $cc$2rdamedia 183 $2rdacarrier 200 10$aNützliche Feindschaft?$eExistenzbedingungen demokratischer Imperien ? Rom und USA. Mit einem Vorwort von Herfried Münkler$fMarco Walter 205 $a1st ed. 210 $aPaderborn$cBrill | Schöningh$d2015 215 $a1 online resource 311 08$a3-506-78092-1 320 $aIncludes bibliographical references and index. 327 $tPreliminary Material --$tVorwort /$rHerfried Münkler --$tEinleitung --$tDer Imperiumsbegriff aus Politiktheoretischer Perspektive --$tDie usa im 21. Jahrhundert: Ein Imperium? --$tDas Ende der Römischen Republik aus Politiktheoretischer Perspektive --$tDie usa Zwischen Demokratischem und Imperialem Niedergang --$tDie Furcht vor Einem Äusseren Feind aus Politiktheoretischer Perspektive --$tDie Usa in der Bedrohungssituation --$tDemokratie und Imperium Oder wie ich den Feind Lieben Lerne --$tDanksagung --$tAbkürzungen und Zitierweise --$tLiteratur --$tPersonenegister --$tSachregister. 330 $aDemokratische Imperien stehen vor einem besonderen Stabilitätsproblem: Sie müssen den imperialen Herrschaftsraum sichern, ohne dadurch die eigenen demokratischen Institutionen zu gefährden. Das antike Römische Reich ist an dieser Aufgabe spektakulär gescheitert, und in den USA befürchten derzeit viele, dasselbe Schicksal zu erleiden. Diese Sorge ist nicht unbegründet, denn heute wie damals droht die innere Machtbalance durch imperiale Akteure aus dem Gleichgewicht zu geraten. Gerne wird in solchen Situationen die einigende Wirkung eines äußeren Feindes beschworen. Ob jedoch der Zusammenhalt tatsächlich gestärkt wird oder vielmehr das Gegenteil eintritt, hängt von spezifischen benennbaren Umständen ab. 606 $aAlte Geschichte 606 $aDemokratie 606 $aFeindschaft 606 $aImperium 606 $aNeueste Geschichte 606 $apolitische Theorie 606 $aRom 606 $aUSA 606 $aStabilität 606 $aStaat 615 4$aAlte Geschichte 615 4$aDemokratie 615 4$aFeindschaft 615 4$aImperium 615 4$aNeueste Geschichte 615 4$apolitische Theorie 615 4$aRom 615 4$aUSA 615 4$aStabilität 615 4$aStaat 676 $a320.473 700 $aWalter$b Marco$4aut$01618184 801 0$bMiAaPQ 801 1$bMiAaPQ 801 2$bMiAaPQ 906 $aBOOK 912 $a9910957141403321 996 $aNu?tzliche Feindschaft$93949775 997 $aUNINA